Animals by Colour: Green - Statistics

General Stats
  • This quiz has been taken 29 times
  • The average score is 5 of 9
Answer Stats
Picture Answer % Correct
Crocodile
96%
Chameleon
88%
Green Parrot
80%
Green Moray Eel
72%
Green Tree Frog
64%
African Bullfrog
52%
Black-throated Toucanet
12%
Jewel Beetle
12%
Asian Forest Scorpion
4%
No matching quizzes found
Score Distribution
Percent of People with Each Score
Percentile by Number Answered
Your Score History
You have not taken this quiz